COMPREHENSIVE GUIDE TO INSOLVENCY AND BANKRUPTCY CODE 2016 (Record no. 25738)

MARC details
000 -LEADER
fixed length control field 00360nam a22001457a 4500
003 - CONTROL NUMBER IDENTIFIER
control field SGT
020 ## - INTERNATIONAL STANDARD BOOK NUMBER
International Standard Book Number 9789390513956
082 ## - DEWEY DECIMAL CLASSIFICATION NUMBER
Classification number 346
Item number RAJ
100 ## - MAIN ENTRY--PERSONAL NAME
Personal name RAJANI AYUSH J
245 ## - TITLE STATEMENT
Title COMPREHENSIVE GUIDE TO INSOLVENCY AND BANKRUPTCY CODE 2016
Remainder of title LAW AND PRACTICE
250 ## - EDITION STATEMENT
Edition statement 3
260 ## - PUBLICATION, DISTRIBUTION, ETC. (IMPRINT)
Place of publication, distribution, etc NEW DELHI
Name of publisher, distributor, etc BLOOMSBURY
Year of Publication 2022
300 ## - PAGE DESCRIPTION
No. of Pages 21.564
942 ## - ADDED ENTRY ELEMENTS (KOHA)
Source of classification or shelving scheme Dewey Decimal Classification
Koha item type Books
Holdings
Withdrawn status Lost status Source of classification or shelving scheme Damaged status Not for loan Collection code Home library Current library Shelving location Date acquired Vendor Name Cost, normal purchase price SGTU Bill Number Total Checkouts Full call number Accession No. (Barcode) Date last seen Bill Date Koha item type
    Dewey Decimal Classification   Not For Loan LAW SGT Science & Social Sciences Library SGT Science & Social Sciences Library Reference Book 24/02/2024 COMMERCIAL BOOK HOUSE 3799.00 SGTU 2075   346 RAJ FL3250 24/02/2024 06/02/2024 Books